Lucas Against Mechanism II (Record no. 509632)
[ view plain ]
| 000 -CABECERA | |
|---|---|
| Campo de control de longitud fija | 00424nab a2200145Ia 4500 |
| 003 - IDENTIFICADOR DEL NÚMERO DE CONTROL | |
| Campo de control | ES-SlBCS |
| 005 - FECHA Y HORA DE LA ÚLTIMA TRANSACCIÓN | |
| Campo de control | 20210601124122.0 |
| 008 - CÓDIGOS DE INFORMACIÓN DE LONGITUD FIJA | |
| Campo de control de longitud fija | 140529s1979 xxu||||| |||| 00| 0 eng d |
| 041 ## - CÓDIGO DE LENGUA | |
| Código de lengua del texto/banda sonora o título independiente | eng |
| 100 1# - PUNTO DE ACCESO PRINCIPAL-NOMBRE DE PERSONA | |
| Nombre de persona | Lewis, David |
| 9 (RLIN) | 132381 |
| 245 00 - MENCIÓN DE TÍTULO | |
| Título | Lucas Against Mechanism II |
| Mención de responsabilidad, etc. | David Lewis |
| 600 14 - PUNTO DE ACCESO ADICIONAL DE MATERIA-NOMBRE DE PERSONA | |
| Nombre personal | Lucas, L. R. |
| 9 (RLIN) | 135604 |
| 773 0# - ENLACE AL DOCUMENTO FUENTE | |
| Título | Canadian Journal of Philosophy |
| Parte(s) relacionada(s) | vol. 9, nº. 3, 1979, págs. 373-376 |
| Número de control del registro relacionado | Rev1390 |
| 942 ## - ENTRADA DE ELEMENTOS AGREGADOS (KOHA) | |
| Koha [por defecto] tipo de item | Artículos de revista |
| Suprimido | Perdido | Estropeado | No para préstamo | Localización permanente | Localización actual | Localización en estantería | Fecha adquisición | Préstamos totales | Fecha última consulta | Fecha del precio de reemplazo | Tipo de item de Koha |
|---|---|---|---|---|---|---|---|---|---|---|---|
| San Esteban | San Esteban | Depósito de revistas | 11/07/2014 | 11/07/2014 | 11/07/2014 | Artículos de revista |
